[Event "Open Aubagne 2024/25"]
[Site "AubagneGNE"]
[Date "2024.09.28"]
[Round "3.11"]
[Board "11"]
[White "Pretini, Augustin"]
[Black "Gamblin, Vincent"]
[Result "1/2-1/2"]
[WhiteElo "1488"]
[BlackElo "1632"]
[PlyCount "79"]
[GameId "2110178593464820"]
[WhiteTeam "Cercle d'Echecs Aubagnais"]
[BlackTeam "L'Echiquier du Roy René"]

1. d4 d5 2. c4 Nf6 3. Nc3 g6 4. Nf3 Bg7 5. Qb3 dxc4 6. Qxc4 O-O 7. Qb3 c6 8. Bg5 Nbd7 9. e4 Nb6 10. Qb4 Qd6 11. Qxd6 exd6 12. Be2 Re8 13. Nd2 Be6 14. O-O Rac8 15. a3 Nfd7 16. Nf3 a5 17. b4 a4 18. Bd1 Ra8 19. Be2 Bc4 20. Rfc1 Bxe2 21. Nxe2 d5 22. e5 Nc4 23. Re1 b5 24. Ra2 Nf8 25. Nd2 Ne6 26. Bh4 g5 27. Bg3 Rad8 28. Nxc4 dxc4 29. Rd1 c5 30. bxc5 Nxc5 31. Nc3 Nd3 32. Nxb5 Nxe5 33. Rc2 Nd3 34. Nd6 Re6 35. Nxc4 Rxd4 36. Rcd2 Nb2 37. Rxd4 Bxd4 38. Nxb2 Bxb2 39. h3 Re4 40. Bd6 1/2-1/2

[Event "Open Aubagne 2024/25"]
[Site "AubagneGNE"]
[Date "2024.09.28"]
[Round "3.12"]
[Board "12"]
[White "Hassaine, Rachid"]
[Black "Leonti, Denis"]
[Result "1/2-1/2"]
[WhiteElo "1605"]
[BlackElo "1500"]
[PlyCount "47"]
[GameId "2110169425961366"]
[WhiteTeam "Cercle d'Echecs Aubagnais"]
[BlackTeam "Hay Chess"]

1. e4 e6 2. Nf3 d5 3. exd5 exd5 4. d4 Nf6 5. Bd3 Bd6 6. Nc3 Bg4 7. O-O O-O 8. Bg5 c6 9. Re1 Nbd7 10. Be2 Qc7 11. h3 Bh5 12. Nh4 Bxe2 13. Qxe2 Rae8 14. Qd3 h6 15. Be3 Bf4 16. Nf5 Bxe3 17. Rxe3 Rxe3 18. Qxe3 Re8 19. Qd2 Ne4 20. Qe3 Qb8 21. Re1 Nb6 22. b3 Nf6 23. Qd2 Rxe1+ 24. Qxe1 1/2-1/2

[Event "Open Aubagne 2024/25"]
[Site "AubagneGNE"]
[Date "2024.09.28"]
[Round "3.13"]
[Board "13"]
[White "Autouard, Jean-Luc"]
[Black "Periale, Albert"]
[Result "1-0"]
[WhiteElo "1551"]
[BlackElo "1480"]
[PlyCount "24"]
[GameId "2110170914935207"]
[WhiteTeam "Cercle d'Echecs Aubagnais"]
[BlackTeam "Cercle d'Echecs Aubagnais"]

1. e4 e6 2. d4 d5 3. e5 c5 4. Nf3 Nc6 5. Be2 Qb6 6. c3 cxd4 7. cxd4 Nge7 8. Nc3 Nf5 9. Na4 Qa5+ 10. Bd2 Nb4 11. a3 b5 12. Nc5 Bxc5 1-0

[Event "Open Aubagne 2024/25"]
[Site "AubagneGNE"]
[Date "2024.09.28"]
[Round "3.14"]
[Board "14"]
[White "Normand, Christophe"]
[Black "Bouidh, Sonia"]
[Result "1/2-1/2"]
[WhiteElo "1547"]
[BlackElo "1475"]
[PlyCount "76"]
[GameId "2110173931086289"]
[WhiteTeam "Club d'Echecs Pennois (CEP)"]
[BlackTeam "Marseille Passion Echecs"]

1. e4 c5 2. Nc3 Nc6 3. f4 e6 4. Nf3 d5 5. Bb5 d4 6. Ne2 Bd7 7. Bxc6 Bxc6 8. d3 Nf6 9. O-O Be7 10. Qe1 O-O 11. a4 Qc7 12. Ne5 Be8 13. Qg3 Nd7 14. Nxd7 Bxd7 15. Qg4 f5 16. exf5 exf5 17. Qh3 Rf6 18. Qh4 Re8 19. Qe1 Bd6 20. Qd2 Rfe6 21. Ng3 Bc6 22. c3 Qf7 23. Qf2 b6 24. Bd2 Be7 25. Rfe1 Bf6 26. Nxf5 Rd8 27. Rxe6 Qxe6 28. Ng3 Qb3 29. Nh5 Qxb2 30. Nxf6+ gxf6 31. Rc1 Bxa4 32. cxd4 Rxd4 33. Qe1 Rxd3 34. Qe6+ Kg7 35. Qe7+ Kg8 36. Qe6+ Kg7 37. Qe7+ Kg8 38. Qe6+ Kg7 1/2-1/2

[Event "Open Aubagne 2024/25"]
[Site "AubagneGNE"]
[Date "2024.09.28"]
[Round "3.15"]
[Board "15"]
[White "Dessagnes, Enzo"]
[Black "Khojasteh, Armand"]
[Result "0-1"]
[WhiteElo "1299"]
[BlackElo "1537"]
[PlyCount "124"]
[GameId "2110175932498400"]
[WhiteTeam "Cercle d'Echecs Aubagnais"]
[BlackTeam "Club Provence Echecs"]

1. e4 e5 2. Nf3 Nc6 3. Bc4 Bc5 4. d3 Nf6 5. h3 d6 6. O-O Na5 7. Nbd2 a6 8. c3 Nxc4 9. Nxc4 b5 10. Ncd2 O-O 11. a3 Bb7 12. Re1 Re8 13. Nf1 Bb6 14. Ng3 Bc8 15. d4 Qe7 16. Bg5 h6 17. Bh4 Kh8 18. Bxf6 Qxf6 19. Qd2 Bxh3 20. gxh3 Qxf3 21. Re3 Qf4 22. Rd1 Re6 23. Nf5 c5 24. d5 Rf6 25. c4 Bd8 26. cxb5 axb5 27. Qe2 Rg6+ 28. Rg3 c4 29. Rxg6 fxg6 30. Nxd6 Rb8 31. b3 Be7 32. Nxb5 Rxb5 33. Qxc4 Rc5 34. Qa4 Bh4 35. Rf1 Rc2 36. Qa7 Qf3 37. Qe3 Qxe3 38. fxe3 Rc3 39. Rf8+ Kh7 40. Re8 Bf6 41. Kf2 Rxb3 42. d6 Rxa3 43. Ke2 Ra6 44. Re6 Kg8 45. Re8+ Kf7 46. d7 Rd6 47. Rc8 Rxd7 48. Rc1 Ra7 49. Kf3 Ra3 50. Rc7+ Be7 51. Rd7 Kf6 52. Rd5 h5 53. Rb5 Ra1 54. Rb2 Rf1+ 55. Kg2 Re1 56. Kf3 Kg5 57. Rh2 h4 58. Kf2 Ra1 59. Rg2+ Kh5 60. Rg4 g5 61. Kf3 Bc5 62. Kf2 Ra3 0-1

[Event "Open Aubagne 2024/25"]
[Site "AubagneGNE"]
[Date "2024.09.28"]
[Round "3.16"]
[Board "16"]
[White "Arlot, Bastien"]
[Black "Engles, Baptiste"]
[Result "1-0"]
[WhiteElo "1560"]
[BlackElo "1299"]
[PlyCount "84"]
[GameId "2110167281475976"]
[WhiteTeam "Hay Chess"]
[BlackTeam "Hay Chess"]

1. e4 e5 2. Nf3 Nc6 3. Nc3 Nf6 4. d4 d6 5. Bb5 exd4 6. Bxc6+ bxc6 7. Qxd4 c5 8. Qd3 a5 9. Bg5 Be7 10. O-O-O Ng4 11. Bxe7 Qxe7 12. Qd2 Be6 13. h3 Nf6 14. e5 dxe5 15. Nxe5 Rd8 16. Qg5 Rxd1+ 17. Rxd1 O-O 18. Nc6 Qe8 19. Qxc5 Qa8 20. f3 Nd7 21. Ne7+ Kh8 22. Qxc7 Nf6 23. Nc6 Rc8 24. Rd8+ Ne8 25. Rxc8 Bxc8 26. Qxf7 Nf6 27. Qf8+ Ng8 28. Ne7 Bb7 29. Qxg8+ Qxg8 30. Nxg8 Kxg8 31. a4 Kf7 32. Kd2 Ke6 33. Kd3 Ba6+ 34. Nb5 Kd5 35. Ke3 Ke5 36. c3 Bc8 37. b4 axb4 38. cxb4 Bd7 39. Nc3 g6 40. a5 Bc6 41. b5 Bxb5 42. Nxb5 Kd5 1-0

[Event "Open Aubagne 2024/25"]
[Site "AubagneGNE"]
[Date "2024.09.28"]
[Round "3.17"]
[Board "17"]
[White "Innocenti, Georges"]
[Black "Madi, Chahinez"]
[Result "0-1"]
[WhiteElo "1399"]
[BlackElo "1733"]
[PlyCount "78"]
[GameId "2110155827912887"]
[WhiteTeam "Cercle d'Echecs Aubagnais"]
[BlackTeam "Cercle d'Echecs Aubagnais"]

1. e4 c5 2. Nf3 d6 3. d4 cxd4 4. Bd3 e5 5. c3 dxc3 6. Nxc3 Be6 7. Qc2 Nc6 8. Bb5 Rc8 9. Be3 a6 10. Bxc6+ Rxc6 11. Ng5 Nf6 12. Nxe6 fxe6 13. O-O Be7 14. Qb3 Qc8 15. Rac1 O-O 16. Ne2 Nxe4 17. Rxc6 bxc6 18. f3 Nf6 19. Rc1 Nd5 20. Bd2 c5 21. Qa3 Qb7 22. b3 Nf4 23. Nxf4 exf4 24. Rf1 Bf6 25. Kh1 Bd4 26. Re1 Qb5 27. Qc1 e5 28. Qd1 h6 29. a4 Qb7 30. Qe2 Qxb3 31. Qxa6 Qc2 32. Qe2 Qxa4 33. Qe4 Qa2 34. Qe2 d5 35. Rc1 Be3 36. Rd1 c4 37. Qe1 d4 38. Bxe3 fxe3 39. Qf1 e2 0-1

[Event "Open Aubagne 2024/25"]
[Site "AubagneGNE"]
[Date "2024.09.28"]
[Round "3.18"]
[Board "18"]
[White "Engles, Simeon"]
[Black "Gomez, Guy"]
[Result "0-1"]
[WhiteElo "1299"]
[BlackElo "1633"]
[PlyCount "104"]
[GameId "2110152148533404"]
[WhiteTeam "Hay Chess"]
[BlackTeam "Cercle d'Echecs Aubagnais"]

1. e4 e6 2. Nf3 Nc6 3. Bb5 a6 4. Bxc6 bxc6 5. b3 c5 6. Bb2 Be7 7. Bxg7 Bf6 8. Bxh8 Bxh8 9. Nc3 Bb7 10. Qe2 d6 11. O-O Ne7 12. Rac1 Ng6 13. Qe3 Kd7 14. Ng5 Qg8 15. Qf3 Ne5 16. Qf4 Qg6 17. Rfe1 h6 18. Nf3 Ng4 19. Nh4 Qg8 20. Ne2 Be5 21. Qf3 Nxh2 22. Qe3 Ng4 23. Qf3 Qg5 24. Qxf7+ Qe7 25. Qxe7+ Kxe7 26. Ng6+ Kd7 27. Nxe5+ Nxe5 28. Nf4 Rg8 29. Nh5 Rg5 30. Nf6+ Ke7 31. Nh7 Rg7 32. f4 Nf3+ 33. Kf2 Nxe1 34. Rxe1 Rxh7 35. f5 exf5 36. exf5+ Kf6 37. g4 Rg7 38. Kg3 h5 39. Re6+ Kf7 40. f6 Rxg4+ 41. Kh3 Kxe6 42. c3 Kxf6 43. d4 cxd4 44. cxd4 Rxd4 45. Kh2 Rd3 46. Kg1 Rd2 47. Kf1 h4 48. Ke1 Rxa2 49. Kd1 h3 50. Kc1 h2 51. Kb1 Rf2 52. Ka1 h1=Q# 0-1

[Event "Open Aubagne 2024/25"]
[Site "AubagneGNE"]
[Date "2024.09.28"]
[Round "3.19"]
[Board "19"]
[White "Pouliquen, Gilbert"]
[Black "Proud'Hon, Gabriel"]
[Result "0-1"]
[WhiteElo "1419"]
[BlackElo "1722"]
[PlyCount "103"]
[GameId "2110148402856073"]
[WhiteTeam "Echiquier Marseillais 1872"]
[BlackTeam "Hay Chess"]

1. d4 d5 2. c4 c6 3. Nc3 Nf6 4. cxd5 cxd5 5. Nf3 Nc6 6. Bg5 e6 7. e3 Be7 8. Bd3 O-O 9. O-O Re8 10. a3 a6 11. Qc2 h6 12. Bh4 Bd7 13. Rfe1 b5 14. b4 Rc8 15. Qb1 Nxd4 16. exd4 Rxc3 17. Ne5 Qc7 18. Rc1 Rxc1+ 19. Qxc1 Qxc1+ 20. Rxc1 Rc8 21. Rxc8+ Bxc8 22. f3 Kf8 23. g4 Bd6 24. Bg3 Ke8 25. Kf2 Nd7 26. f4 Nb6 27. f5 Nc4 28. Nxc4 Bxg3+ 29. Kxg3 dxc4 30. Bc2 Ke7 31. Kf4 exf5 32. gxf5 Kf6 33. h4 g5+ 34. fxg6 fxg6 35. d5 g5+ 36. hxg5+ hxg5+ 37. Ke3 Ke5 38. Be4 Bb7 39. d6 Bc8 40. Bb7 Bd7 41. Bxa6 Kxd6 42. Bb7 Ke5 43. Be4 g4 44. Bb7 g3 45. Bg2 Bf5 46. Bc6 c3 47. Bxb5 g2 48. Kf2 c2 49. Kxg2 c1=Q 50. a4 Be4+ 51. Kg3 Qg1+ 52. Kh4 0-1

[Event "Open Aubagne 2024/25"]
[Site "AubagneGNE"]
[Date "2024.09.28"]
[Round "3.20"]
[Board "20"]
[White "Belaid, Myriam"]
[Black "Moerenhout, Jean Claude"]
[Result "0-1"]
[WhiteElo "1399"]
[BlackElo "1540"]
[PlyCount "60"]
[GameId "2110143725146232"]
[WhiteTeam "Cercle d'Echecs Aubagnais"]
[BlackTeam "Cercle d'Echecs Aubagnais"]

1. c4 e5 2. Nc3 Nf6 3. d3 d5 4. cxd5 Nxd5 5. Bd2 Nb6 6. Nf3 Nc6 7. g3 Be7 8. Bg2 h6 9. O-O Be6 10. a4 g5 11. h3 g4 12. hxg4 Bxg4 13. Kh2 h5 14. Bg5 Bxg5 15. Nxg5 Qxg5 16. Ne4 Qg6 17. f3 Bf5 18. Qb3 O-O-O 19. a5 Nd4 20. Qd1 Nd7 21. Qc1 Nxe2 22. Qc2 Nd4 23. Qa4 h4 24. g4 Be6 25. Rfc1 h3 26. Bxh3 Nxf3+ 27. Kg3 Rxh3+ 28. Kf2 Rh2+ 29. Kxf3 Qxg4+ 30. Ke3 Qf4# 0-1

[Event "Open Aubagne 2024/25"]
[Site "AubagneGNE"]
[Date "2024.09.28"]
[Round "3.21"]
[Board "21"]
[White "Peucelle, Richard"]
[Black "Turpin, Isabelle"]
[Result "0-1"]
[WhiteElo "1399"]
[BlackElo "1450"]
[PlyCount "110"]
[GameId "2110139834441768"]
[WhiteTeam "Cercle d'Echecs Aubagnais"]
[BlackTeam "Cercle d'Echecs Aubagnais"]

1. e4 c5 2. c3 e5 3. Nf3 Nc6 4. Bc4 d6 5. h3 a6 6. a3 Be7 7. d3 Be6 8. Ba2 Nf6 9. Be3 Qb6 10. Qc2 O-O 11. Nbd2 d5 12. Rd1 dxe4 13. dxe4 Bxa2 14. Nf1 Bb3 15. Qc1 Bxd1 16. Kxd1 Rfd8+ 17. N1d2 Nxe4 18. Ke2 Qb5+ 19. c4 Qb6 20. Nxe4 h6 21. Re1 f5 22. Nc3 e4 23. Nh2 Qc7 24. g3 Rd3 25. Bf4 Bd6 26. Nd5 Nd4+ 27. Kf1 Qc6 28. Bxd6 Qxd6 29. Nf4 Re8 30. Ng2 Nb3 31. Qf4 Re5 32. g4 Qd4 33. gxf5 Qxb2 34. Ng4 Nd2+ 35. Kg1 Nf3+ 36. Kh1 Re7 37. f6 Rf7 38. Qb8+ Rf8 39. f7+ Kxf7 40. Qf4+ Kg8 41. Nxh6+ gxh6 42. Qg4+ Kh7 43. Qxe4+ Kg8 44. Qxd3 Nxe1 45. Qg6+ Qg7 46. Qxg7+ Kxg7 47. Nxe1 Rxf2 48. Kg1 Ra2 49. Nd3 Rxa3 50. Nxc5 b5 51. cxb5 axb5 52. Ne6+ Kf6 53. Nd4 b4 54. Kg2 b3 55. Kf3 b2+ 0-1

[Event "Open Aubagne 2024/25"]
[Site "Aubagne"]
[Date "2024.11.09"]
[Round "3.22"]
[White "Portes, Daniel"]
[Black "Roganova, Jeremy"]
[Result "1/2-1/2"]
[WhiteElo "1399"]
[BlackElo "1449"]
[PlyCount "100"]
[WhiteTeam "Hay Chess"]
[BlackTeam "Cercle d'Echecs Aubagnais"]

1. e4 c5 2. c3 d5 3. d4 dxe4 4. Be3 cxd4 5. Qa4+ Nc6 6. Bxd4 Bd7 7. Qc2 Nxd4 8.
cxd4 Nf6 9. Nd2 Bf5 10. Bb5+ Bd7 11. Qc4 e6 12. Nh3 Be7 13. Ng5 O-O 14. Bxd7
Qxd7 15. Ngxe4 Rac8 16. Qd3 Bc5 17. Nb3 Nxe4 18. Qxe4 Bb4+ 19. Ke2 Rc4 20. Rac1
Rfc8 21. Rxc4 Rxc4 22. Rc1 Rxc1 23. Nxc1 Qb5+ 24. Nd3 g6 25. g4 Qc4 26. Ke3 Qb5
27. Nxb4 Qxb4 28. Qb1 Kg7 29. f4 h5 30. gxh5 gxh5 31. h4 f6 32. a3 Qb3+ 33. Kf2
Qb6 34. Ke3 e5 35. fxe5 fxe5 36. Qg1+ Kf6 37. Qf2+ Ke7 38. Kd3 Ke6 39. Ke4 Qc6+
40. Kd3 exd4 41. Qe2+ Kd7 42. Qxh5 Qa6+ 43. Kxd4 Qa4+ 44. Kc3 Qc6+ 45. Kb3 Qe6+
46. Kc2 Qc4+ 47. Kb1 Qd3+ 48. Ka1 Qf1+ 49. Ka2 Qc4+ 50. Ka1 Qf1+ 1/2-1/2

[Event "Open Aubagne 2024/25"]
[Site "AubagneGNE"]
[Date "2024.11.30"]
[Round "4.1"]
[Board "1"]
[White "Maggio, Lucas"]
[Black "Maffone, Jean-Charles"]
[Result "1-0"]
[WhiteElo "1775"]
[BlackElo "1692"]
[PlyCount "79"]
[GameId "2118025885589563"]
[WhiteTeam "Cercle d'Echecs Aubagnais"]
[BlackTeam "Cercle d'Echecs Aubagnais"]

1. e4 c5 2. Nf3 e6 3. d4 cxd4 4. Nxd4 a6 5. c4 Nf6 6. Nc3 Qc7 7. a3 d6 8. Be3 Nbd7 9. Be2 Be7 10. O-O O-O 11. f3 Re8 12. Qd2 Ne5 13. Rac1 Bd7 14. b4 b6 15. Rc2 Rec8 16. Rb1 Qd8 17. Nd1 d5 18. cxd5 exd5 19. exd5 Nxd5 20. Bf2 b5 21. f4 Ng6 22. g3 Rxc2 23. Qxc2 Rc8 24. Qd2 Bh3 25. Bf3 Nb6 26. Qe2 Bf6 27. Nc6 Qd7 28. Bxb6 Rxc6 29. Bxc6 Qxc6 30. Bc5 h5 31. Ne3 Qe4 32. Re1 h4 33. Ng2 Bxg2 34. Qxe4 Bxe4 35. Rxe4 hxg3 36. hxg3 Bb2 37. Re8+ Kh7 38. Ra8 Bxa3 39. Rxa6 Bc1 40. Rb6 1-0

[Event "Open Aubagne 2024/25"]
[Site "Aubagne"]
[Date "2024.11.30"]
[Round "4.2"]
[White "Madi, Walid"]
[Black "Vrillet, Sylvain"]
[Result "1-0"]
[WhiteElo "1760"]
[BlackElo "1769"]
[PlyCount "117"]
[WhiteTeam "Cercle d'Echecs Aubagnais"]
[BlackTeam "Cercle d'Echecs Aubagnais"]

1. d4 c5 2. d5 Nf6 3. c4 d6 4. Nc3 e6 5. e4 g6 6. Bd3 Bg7 7. Bg5 h6 8. Bd2 O-O
9. h4 exd5 10. exd5 Nbd7 11. Bf4 Re8+ 12. Nge2 Ne5 13. Bxe5 Rxe5 14. Qc2 Bf5
15. Bxf5 Rxf5 16. f3 a6 17. a4 Re5 18. O-O-O Qd7 19. Nf4 Rae8 20. g4 Re3 21.
Rdf1 Nh7 22. Ne4 b5 23. Ng2 R3xe4 24. fxe4 Qxg4 25. Rf4 Qg3 26. Rhf1 Re7 27.
axb5 axb5 28. cxb5 Be5 29. R4f3 Qg4 30. b6 Qd7 31. Ne3 Qb5 32. Nc4 Nf8 33. Rb3
Qa6 34. Ra3 Qb5 35. Rff3 Rb7 36. Rfb3 Qd7 37. Na5 Rb8 38. Nc6 Rb7 39. Ra7 Bf4+
40. Kb1 Kg7 41. Rxb7 Qxb7 42. Nd8 Qa6 43. b7 Qf1+ 44. Ka2 Nd7 45. Qd3 Qxd3 46.
Rxd3 g5 47. Rf3 Kg6 48. Kb1 f5 49. exf5+ Kxf5 50. hxg5 hxg5 51. Rh3 Ke4 52. Rh7
Nb8 53. Nc6 Na6 54. Rh8 Kxd5 55. Ne7+ Ke4 56. Ra8 d5 57. Rxa6 d4 58. Nc6 g4 59.
Ne5 1-0

[Event "Open Aubagne 2024/25"]
[Site "Aubagne"]
[Date "2024.11.30"]
[Round "4.3"]
[White "Deregnaucourt, Yves"]
[Black "Belaid, Noa"]
[Result "1/2-1/2"]
[WhiteElo "1708"]
[BlackElo "1654"]
[PlyCount "45"]
[WhiteTeam "Cercle d'Echecs Aubagnais"]
[BlackTeam "Hay Chess"]

1. e4 e5 2. Nf3 Nc6 3. Bc4 Bc5 4. c3 d6 5. d4 exd4 6. cxd4 Bb4+ 7. Nc3 h6 8.
Qb3 Qd7 9. O-O Bxc3 10. Qxc3 f6 11. Re1 Nge7 12. e5 fxe5 13. dxe5 d5 14. Bb3
O-O 15. Be3 Kh7 16. Bc5 b6 17. Ba3 Bb7 18. e6 Qc8 19. Ba4 Rf6 20. Bxe7 Nxe7 21.
Bd7 Qd8 22. Qd3+ Kg8 23. Ne5 1/2-1/2

[Event "Open Aubagne 2024/25"]
[Site "AubagneGNE"]
[Date "2024.11.30"]
[Round "4.4"]
[Board "4"]
[White "Autouard, Jean-Luc"]
[Black "Mouhieddine, Hocine"]
[Result "0-1"]
[WhiteElo "1551"]
[BlackElo "1842"]
[PlyCount "108"]
[GameId "2118053527830806"]
[WhiteTeam "Cercle d'Echecs Aubagnais"]
[BlackTeam "Cassis Echecs"]

1. e4 c6 2. Nf3 d5 3. e5 Bg4 4. d4 e6 5. Be2 c5 6. O-O Nc6 7. c3 Qb6 8. Ng5 Bxe2 9. Qxe2 cxd4 10. Qf3 Nxe5 11. Qg3 Nd7 12. Qf4 Ngf6 13. cxd4 Bd6 14. Qh4 O-O 15. Nc3 Rfc8 16. Ne2 Nf8 17. b3 Ng6 18. Qh3 Rc2 19. Re1 Rac8 20. Be3 Bb4 21. Rec1 Qd8 22. Rxc2 Rxc2 23. Ng3 Bc3 24. Rc1 Rxc1+ 25. Bxc1 Bxd4 26. Ne2 Qc7 27. Qd3 Bb6 28. Bb2 Nf4 29. Nxf4 Qxf4 30. Nf3 Qc7 31. h3 Ne4 32. Nd4 h6 33. f3 Nd6 34. Kf1 Qc5 35. Qc3 Qxd4 36. Qxd4 Bxd4 37. Bxd4 a6 38. a4 f6 39. Ke2 e5 40. Bc5 Nc8 41. Kd3 Kf7 42. Kc3 Ke6 43. a5 g6 44. Ba3 Nd6 45. Kb4 f5 46. Kc5 d4 47. Bb4 d3 48. Bd2 h5 49. Kb4 Kd5 50. Kc3 e4 51. f4 Nb5+ 52. Kb2 Kd4 53. Kc1 e3 54. Bb4 Ke4 0-1

[Event "Open Aubagne 2024/25"]
[Site "AubagneGNE"]
[Date "2024.11.30"]
[Round "4.5"]
[Board "5"]
[White "Kuntz, Tom"]
[Black "Cescon, Moreno"]
[Result "1/2-1/2"]
[WhiteElo "1399"]
[BlackElo "1762"]
[PlyCount "108"]
[GameId "2118048830759171"]
[WhiteTeam "Marseille Passion Echecs"]
[BlackTeam "Club d'Echecs Pennois (CEP)"]

1. e4 e5 2. Nf3 d6 3. d4 exd4 4. Nxd4 Nf6 5. Nc3 Be7 6. Bf4 a6 7. f3 Nh5 8. Bg3 Bh4 9. Nde2 Qg5 10. Bxh4 Qxh4+ 11. g3 Qg5 12. Nd5 O-O 13. Qd4 Nc6 14. Qc3 Qd8 15. O-O-O Be6 16. Nef4 Nxf4 17. gxf4 Bxd5 18. Rg1 f6 19. exd5 Ne7 20. Bh3 Ng6 21. Be6+ Kh8 22. Rxg6 hxg6 23. f5 Re8 24. fxg6 Rxe6 25. dxe6 Qe8 26. Qxc7 Qxg6 27. Qxd6 Re8 28. e7 Qf7 29. Re1 Qxa2 30. Qc5 Qf7 31. Qb6 Kg8 32. Qxb7 Qa2 33. Qb3+ Qxb3 34. cxb3 Kf7 35. Kc2 Rc8+ 36. Kd3 Ke8 37. Re2 Rc5 38. b4 Rf5 39. Kc4 Rxf3 40. Kc5 Rf5+ 41. Kb6 Rb5+ 42. Kxa6 Rxb4 43. Ka5 Rb3 44. Ka4 Rb7 45. b4 Rxe7 46. Rxe7+ Kxe7 47. Kb5 Kd8 48. Ka6 Kc7 49. b5 Kb8 50. Kb6 g5 51. Kc5 f5 52. Kd5 Kb7 53. Ke5 f4 54. Ke4 Kb6 1/2-1/2

[Event "Open Aubagne 2024/25"]
[Site "AubagneGNE"]
[Date "2024.11.30"]
[Round "4.6"]
[Board "6"]
[White "Khojasteh, Armand"]
[Black "Roger, Patrick"]
[Result "1-0"]
[WhiteElo "1537"]
[BlackElo "1724"]
[PlyCount "125"]
[GameId "2118029709443212"]
[WhiteTeam "Club Provence Echecs"]
[BlackTeam "Echiquier Marseillais 1872"]

1. c4 e6 2. e4 d5 3. cxd5 exd5 4. exd5 Qxd5 5. Nc3 Qe5+ 6. Be2 Nc6 7. Nf3 Qa5 8. a3 Be6 9. Bb5 Bd6 10. Nd4 Bd7 11. Qh5 a6 12. Nxc6 bxc6 13. Qe2+ Ne7 14. Bc4 O-O 15. O-O Ng6 16. d4 Rae8 17. Qd3 Qh5 18. f4 Bf5 19. Qf3 Qxf3 20. Rxf3 Re1+ 21. Kf2 Rfe8 22. Be2 Rh1 23. Kg3 Be7 24. Kf2 Rxh2 25. Kg1 Rh6 26. Re3 Rd8 27. Bd3 Bxd3 28. Rxd3 Nf8 29. Be3 Rhd6 30. Rad1 Ne6 31. R3d2 g6 32. d5 cxd5 33. Nxd5 Bf8 34. g4 c6 35. Nf6+ Kg7 36. Rxd6 Rxd6 37. Rxd6 Kxf6 38. Bd4+ Ke7 39. Be5 f6 40. Rxc6 fxe5 41. fxe5 Bg7 42. Rxa6 Bxe5 43. b4 Kd7 44. b5 Nc7 45. Ra5 Bc3 46. Ra4 Nxb5 47. Rc4 Bd4+ 48. Kg2 Bb6 49. a4 Nd6 50. Rc2 Ne4 51. Kf3 Nc5 52. a5 Ba7 53. g5 Ne6 54. Kg4 Be3 55. a6 Ba7 56. Rb2 Nc5 57. Rh2 Kc6 58. Rxh7 Kb6 59. Rg7 Kxa6 60. Rxg6+ Kb5 61. Rh6 Nd7 62. Kf5 Bd4 63. Rd6 1-0

[Event "Open Aubagne 2024/25"]
[Site "AubagneGNE"]
[Date "2024.11.30"]
[Round "4.7"]
[Board "7"]
[White "Engles, Pierre"]
[Black "Vrillet, Loan"]
[Result "0-1"]
[WhiteElo "1673"]
[BlackElo "1669"]
[PlyCount "58"]
[GameId "2118027865591917"]
[WhiteTeam "Hay Chess"]
[BlackTeam "Cercle d'Echecs Aubagnais"]

1. e4 e5 2. Nf3 Nc6 3. d4 exd4 4. Bc4 Nf6 5. e5 d5 6. Bb5 Ne4 7. Nxd4 Bd7 8. Bxc6 bxc6 9. O-O Bc5 10. e6 fxe6 11. Nb3 Bd6 12. Qh5+ g6 13. Qf3 Qh4 14. h3 Rf8 15. Qe2 e5 16. Qe3 g5 17. N1d2 Nxd2 18. Bxd2 g4 19. g3 Qf6 20. h4 Qg6 21. c3 Rf3 22. Qe1 Be6 23. Be3 a5 24. Rd1 Kf7 25. Nd2 Kg8 26. Nxf3 gxf3 27. Kh2 Qg4 28. Rh1 Qh3+ 29. Kg1 Qg2# 0-1

[Event "Open Aubagne 2024/25"]
[Site "AubagneGNE"]
[Date "2024.11.30"]
[Round "4.8"]
[Board "8"]
[White "Madi, Chahinez"]
[Black "Hammami, Hakim"]
[Result "1-0"]
[WhiteElo "1733"]
[BlackElo "1399"]
[PlyCount "101"]
[GameId "2118037563789517"]
[WhiteTeam "Cercle d'Echecs Aubagnais"]
[BlackTeam "Cercle d'Echecs Aubagnais"]

1. e4 c5 2. Nf3 d6 3. d4 cxd4 4. Nxd4 Nf6 5. Nc3 a6 6. f3 Nc6 7. Nb3 e6 8. Be3 b5 9. Qd2 Be7 10. O-O-O O-O 11. Bg5 h6 12. Bxf6 Bxf6 13. Qxd6 Bb7 14. Qc5 Qc7 15. Be2 Rad8 16. h3 Be7 17. Qf2 Bb4 18. Qe3 Na5 19. f4 Nxb3+ 20. axb3 Qa5 21. Kb1 Rc8 22. Na2 Bc5 23. Qf3 f5 24. Bd3 Rfd8 25. Qe2 Re8 26. g4 Qc7 27. gxf5 exf5 28. Rhe1 Bxe4 29. Nc3 Bxd3 30. Qxd3 Qxf4 31. Rxe8+ Rxe8 32. Qd5+ Kh8 33. Qxc5 Qh2 34. Qxf5 b4 35. Qg6 Rf8 36. Rg1 Qc7 37. Nd5 Qd7 38. Nxb4 Rf6 39. Qg4 Qxg4 40. Rxg4 Kh7 41. Ka2 h5 42. Rg3 Kh6 43. c4 g5 44. Nd5 h4 45. Rd3 Rd6 46. c5 Rc6 47. b4 Kh5 48. Rd4 a5 49. Kb3 Kg6 50. Ne7+ Kf7 51. Nxc6 1-0

[Event "Open Aubagne 2024/25"]
[Site "AubagneGNE"]
[Date "2024.11.30"]
[Round "4.9"]
[Board "9"]
[White "Battaglia, Gerard"]
[Black "Pala, Gerard"]
[Result "1-0"]
[WhiteElo "1712"]
[BlackElo "1539"]
[PlyCount "47"]
[GameId "2118033848869035"]
[WhiteTeam "Echiquier Marseillais 1872"]
[BlackTeam "Cercle d'Echecs Aubagnais"]

1. d4 d5 2. c4 c6 3. e3 Nf6 4. Nc3 e6 5. Nf3 Bb4 6. Qb3 a5 7. Bd2 Nbd7 8. cxd5 cxd5 9. Bd3 b6 10. Rc1 Qe7 11. O-O O-O 12. a3 Bd6 13. e4 dxe4 14. Nxe4 a4 15. Qc2 Ba6 16. Nxd6 Bxd3 17. Qxd3 Qxd6 18. Bb4 Qd5 19. Bxf8 Nxf8 20. Rfe1 Ng6 21. Rc7 h6 22. Rec1 Nf4 23. Rc8+ Rxc8 24. Rxc8+ 1-0

[Event "Open Aubagne 2024/25"]
[Site "AubagneGNE"]
[Date "2024.11.30"]
[Round "4.10"]
[Board "10"]
[White "Gomez, Guy"]
[Black "Pretini, Augustin"]
[Result "1-0"]
[WhiteElo "1633"]
[BlackElo "1488"]
[PlyCount "41"]
[GameId "2118044930871535"]
[WhiteTeam "Cercle d'Echecs Aubagnais"]
[BlackTeam "Cercle d'Echecs Aubagnais"]

1. e4 e5 2. Nf3 Nc6 3. Bc4 Bc5 4. O-O Nf6 5. d3 O-O 6. h3 Re8 7. c3 d6 8. a4 a6 9. Bg5 h6 10. Bh4 Be6 11. Nbd2 Bxc4 12. Nxc4 Re6 13. Qc2 b5 14. Ne3 Qc8 15. Nf5 Qb7 16. d4 exd4 17. cxd4 Rxe4 18. dxc5 bxa4 19. Bxf6 Nb4 20. Qd2 gxf6 21. Qxh6 1-0

[Event "Open Aubagne 2024/25"]
[Site "AubagneGNE"]
[Date "2024.11.30"]
[Round "4.11"]
[Board "11"]
[White "Gamblin, Vincent"]
[Black "Jardel, Stephane"]
[Result "1-0"]
[WhiteElo "1632"]
[BlackElo "1399"]
[PlyCount "115"]
[GameId "2118034798055611"]
[WhiteTeam "L'Echiquier du Roy René"]
[BlackTeam "Cercle d'Echecs Aubagnais"]

1. e4 c5 2. Nf3 Nc6 3. d4 cxd4 4. Nxd4 Nf6 5. Nc3 g6 6. Be2 Bg7 7. Nxc6 bxc6 8. e5 Ng8 9. f4 e6 10. Ne4 Bf8 11. Nd6+ Bxd6 12. exd6 Nf6 13. Qd4 O-O 14. O-O Qb6 15. Qxb6 axb6 16. Be3 Nd5 17. Bd2 Ba6 18. c4 Nf6 19. Rfd1 Ne4 20. Be1 Rfc8 21. b3 c5 22. Bf3 Bb7 23. a4 f5 24. Bh4 Kf7 25. Be7 Ra7 26. Rd3 Nf6 27. Bxb7 Rxb7 28. Kf2 Ng8 29. Bh4 Nf6 30. h3 Rc6 31. Kf3 Ra7 32. g4 Ne4 33. Be7 Nf6 34. gxf5 gxf5 35. h4 h6 36. Rg1 Ra8 37. Bxf6 Kxf6 38. h5 Rh8 39. Rg6+ Kf7 40. Rd1 Rcc8 41. Rdg1 Rcg8 42. Ke3 Rxg6 43. Rxg6 Rh7 44. Kf3 Rh8 45. Ke2 Rh7 46. Kd3 Rh8 47. Kc3 Rg8 48. Rxh6 Kg7 49. Rg6+ Kh7 50. Rf6 Kg7 51. Rg6+ Kh7 52. Rg5 Rg7 53. Rxg7+ Kxg7 54. b4 e5 55. bxc5 bxc5 56. fxe5 f4 57. Kd2 Kf7 58. a5 1-0

[Event "Open Aubagne 2024/25"]
[Site "AubagneGNE"]
[Date "2024.11.30"]
[Round "4.12"]
[Board "12"]
[White "Giraudoux Lognos, Lina"]
[Black "Hassaine, Rachid"]
[Result "0-1"]
[WhiteElo "1477"]
[BlackElo "1605"]
[PlyCount "54"]
[GameId "2118042861240543"]
[WhiteTeam "Cercle d'Echecs Aubagnais"]
[BlackTeam "Cercle d'Echecs Aubagnais"]

1. d4 d5 2. Bf4 e6 3. e3 Ne7 4. Nf3 Ng6 5. Bg3 Be7 6. c3 O-O 7. Nbd2 a6 8. Bd3 Nd7 9. O-O b5 10. Ne5 Ndxe5 11. dxe5 c5 12. b3 Bb7 13. Nf3 Qc7 14. Qc2 Rfd8 15. a3 Rac8 16. Rac1 Qc6 17. Bxg6 fxg6 18. Rfd1 Rf8 19. h4 Rcd8 20. Bf4 Ba8 21. Kh2 Qb7 22. Rh1 d4 23. Rcd1 Qd5 24. Kg1 d3 25. c4 dxc2 26. cxd5 cxd1=Q+ 27. Kh2 Qxd5 0-1